Jaross Béla pápai prelátus, apát-főesperes plébános gratuláló kártyája Szent-Györgyi Alberthez

Elmentve itt :
Bibliográfiai részletek
Szerző: Jaross Béla
Dokumentumtípus: Kézirat
Megjelent: 1937-11-03
Kulcsszavak:Levelezés - Jaross Béla - Szent-Györgyi Albert, Nobel-díj - 1937
Online Access:http://misc.bibl.u-szeged.hu/47901
LEADER 00676ntm a2200169 i 4500
001 misc47901
005 20241202155021.0
008 201125s1937 hu o 000 hun d
040 |a SZTE Miscellanea Repozitórium  |b hun 
041 |a hun 
100 1 |a Jaross Béla 
245 1 0 |a Jaross Béla pápai prelátus, apát-főesperes plébános gratuláló kártyája Szent-Györgyi Alberthez  |h [elektronikus dokumentum] /  |c  Jaross Béla 
260 |c 1937-11-03 
300 |a 1 fol. 
561 |a Szent-Györgyi Albert gratuláló levelek 
695 |a Levelezés - Jaross Béla - Szent-Györgyi Albert, Nobel-díj - 1937 
856 4 0 |u http://misc.bibl.u-szeged.hu/47901/1/f_012.pdf  |z Dokumentum-elérés